<?xml version="1.0" encoding="UTF-8"?><?xml-stylesheet type="text/xsl" href="static/style.xsl"?><OAI-PMH xmlns="http://www.openarchives.org/OAI/2.0/" xmlns:xsi="http://www.w3.org/2001/XMLSchema-instance" xsi:schemaLocation="http://www.openarchives.org/OAI/2.0/ http://www.openarchives.org/OAI/2.0/OAI-PMH.xsd"><responseDate>2026-04-17T13:43:21Z</responseDate><request verb="GetRecord" identifier="oai:www.recercat.cat:2072/382526" metadataPrefix="marc">https://recercat.cat/oai/request</request><GetRecord><record><header><identifier>oai:recercat.cat:2072/382526</identifier><datestamp>2026-03-08T23:58:38Z</datestamp><setSpec>com_2072_98</setSpec><setSpec>col_2072_378192</setSpec></header><metadata><record xmlns="http://www.loc.gov/MARC21/slim" xmlns:dcterms="http://purl.org/dc/terms/" xmlns:xsi="http://www.w3.org/2001/XMLSchema-instance" xmlns:doc="http://www.lyncode.com/xoai" xsi:schemaLocation="http://www.loc.gov/MARC21/slim http://www.loc.gov/standards/marcxml/schema/MARC21slim.xsd">
   <leader>00925njm 22002777a 4500</leader>
   <datafield ind2=" " ind1=" " tag="042">
      <subfield code="a">dc</subfield>
   </datafield>
   <datafield ind2=" " ind1=" " tag="720">
      <subfield code="a">García Ballesteros, Aurora</subfield>
      <subfield code="e">author</subfield>
   </datafield>
   <datafield ind2=" " ind1=" " tag="720">
      <subfield code="a">Bosque Sendra, Joaquín</subfield>
      <subfield code="e">author</subfield>
   </datafield>
   <datafield ind2=" " ind1=" " tag="260">
      <subfield code="c">1985</subfield>
   </datafield>
   <datafield ind2=" " ind1=" " tag="520">
      <subfield code="a">La Géographie Politique, après une période de déclin à la fin de la deuxième guerre mondiale, est de nouveau en plein essor. Dans cet article l'auteur analyse les origines modernes de la Géographie Politique ainsi que les raisons de sa crise. Le renouveau récent de la Géographie Politique fait l'objet d'un paragraphe où l'auteur examine les raisons de ce renouveau ainsi que les différentes perspectives existant dans l'actualité. On distingue tout d'abord la Géographie Politique anglo-saxonne s'intéressant à des sujets traditionnels et aussi à d'autres d'ordre "neopositiviste" ou ayant une méthodologie "structurelle", fondamentalement à caractère marxiste. Par ailleurs dans la Géographie Politique française, à côté de perspectives traditionnelles et néopositivistes, une intéressant tendance est apparue auprès de la revue Hérodote et une autre axée sur les rapports entre espace et pouvoir. Finalement l'auteur examine la situation de la Géographie Politique en Italie, Allemagne et Espagne.</subfield>
   </datafield>
   <datafield ind2=" " ind1=" " tag="520">
      <subfield code="a">Following a period of decline at the end of the Second World War, Political Geography is again in fashion. In this paper, the modern origins of Political Geography and the causes of the crisis suffered are analyzed. An extensive section is dedicated to the recent revival of the discipline, including an examination of the reasons for this revival and an analysis of the different approaches involved. On the one hand, Political Geography in English-speaking countries involves not only traditional topics, but also topics of a "neo-positivist" nature or with a "structural" methodological base, mainly Marxist in approach. On the other hand, in French Political Geography one finds traditional and neo-positivist approaches alongside an interesting line of study centered on the journal Hérodote, and another approach involving relationships between living space and power. The paper also includes a brief review of the situation of Political Geography in Italy, Germany and Spain.</subfield>
   </datafield>
   <datafield ind2=" " ind1=" " tag="520">
      <subfield code="a">La Geografia Política, després d'un període de decadència en acabar la segona guerra mundial, ha entrat novament en una fase d'apogeu. En el present treball s'analitzen els orígens moderns de la Geografia Política, així com les causes de la seva crisi i actual revifalla. En aquest sentit l'autor es refereix en primer lloc a la Geografia Política anglosaxona, emmarcada en un enfoc "neopositivista" i de base metodològica estructural (bàsicament de caràcter marxista), sense oblidar, tanmateix, els temes tradicionals. En segon lloc, en la Geografia Política francesa, junt als enfocaments tradicional i neopositivista, s'ha articulat una interessant línia de treball entorn de la revista Hérodote i de les relacions entre espai i poder. Finalment, es revisa la situació de la Geografia Política a Itàlia, Alemanya i Espanya.</subfield>
   </datafield>
   <datafield tag="653" ind2=" " ind1=" ">
      <subfield code="a">Planificació urbana</subfield>
   </datafield>
   <datafield tag="653" ind2=" " ind1=" ">
      <subfield code="a">Nazisme</subfield>
   </datafield>
   <datafield tag="653" ind2=" " ind1=" ">
      <subfield code="a">Gottman</subfield>
   </datafield>
   <datafield tag="653" ind2=" " ind1=" ">
      <subfield code="a">Teorías de Mackinder</subfield>
   </datafield>
   <datafield tag="653" ind2=" " ind1=" ">
      <subfield code="a">Obra de Cohen</subfield>
   </datafield>
   <datafield tag="653" ind2=" " ind1=" ">
      <subfield code="a">Geografia Política anglosaxona</subfield>
   </datafield>
   <datafield tag="653" ind2=" " ind1=" ">
      <subfield code="a">Geografia Política francesa</subfield>
   </datafield>
   <datafield tag="653" ind2=" " ind1=" ">
      <subfield code="a">Geografia econòmica i social</subfield>
   </datafield>
   <datafield tag="653" ind2=" " ind1=" ">
      <subfield code="a">Concepció Positivista de la Geografia</subfield>
   </datafield>
   <datafield tag="653" ind2=" " ind1=" ">
      <subfield code="a">Concepció Humanista de la Geografia</subfield>
   </datafield>
   <datafield tag="653" ind2=" " ind1=" ">
      <subfield code="a">Concepció Estructural de la Geografia</subfield>
   </datafield>
   <datafield tag="653" ind2=" " ind1=" ">
      <subfield code="a">Geografia electoral</subfield>
   </datafield>
   <datafield tag="653" ind2=" " ind1=" ">
      <subfield code="a">Urbanització</subfield>
   </datafield>
   <datafield tag="653" ind2=" " ind1=" ">
      <subfield code="a">Teoria de l'estat</subfield>
   </datafield>
   <datafield ind2="0" ind1="0" tag="245">
      <subfield code="a">Evolución y tendencias actuales de la geografía política</subfield>
   </datafield>
</record></metadata></record></GetRecord></OAI-PMH>